000 00579nam a2200169Ia 4500
008 220217s9999 xx 000 0 und d
245 0 _aBritish Standards: Specification for testing machines for rubbers and plastics. Part 1. Tensile, flexural and compression machines
260 _aLondon
260 _c1975
_bBritish Standards Institution
490 _aBritish Standards
500 _aStandard number: BS 5214: Part 1
650 _aCompression machine
650 _aPlastic testing machine
650 _aRubber testing machine
650 _aTensile machine
942 _cST
999 _c73113
_d73113